[Event "World Junior Championship (Girls)"]
[Site "Istanbul TUR"]
[Date "2005.11.20"]
[EventDate "2005.11.09"]
[Round "11"]
[Result "0-1"]
[White "Irina Gevorgyan"]
[Black "Bianca de Jong-Muhren"]
[WhiteElo "2099"]
[BlackElo "2260"]
[PlyCount "118"]

1. e4 c5 2. Nf3 d6 3. d4 cxd4 4. Nxd4 Nf6 5. Nc3 a6 6. f4 e6
7. Be2 Nc6 8. Be3 Be7 9. O-O O-O 10. Qe1 Bd7 11. Qg3 b5 12. a3
Rb8 13. Rad1 b4 14. axb4 Rxb4 15. e5 Ne8 16. Bxa6 Rxb2 17. Bd3
g6 18. Nb3 Bh4 19. Qh3 dxe5 20. Bc1 Rxb3 21. cxb3 exf4 22. Be4
Bf6 23. Kh1 Nd4 24. Ba3 e5 25. Qd3 Bg4 26. Bxf8 Bxd1 27. Rxd1
Kxf8 28. Ra1 Nc7 29. Qc4 Kg7 30. b4 Qb8 31. Rb1 Ncb5 32. Nxb5
Nxb5 33. Rd1 Nd6 34. Qd5 Qxb4 35. Bb1 Nb7 36. Ba2 Qe7 37. Rb1
Nd8 38. Qe4 Qa7 39. Bd5 Qe7 40. h3 Bh4 41. Qc4 Bf2 42. Ra1 Qc5
43. Qb3 Bd4 44. Rb1 Qc7 45. Qa2 Qd6 46. Qa8 Qc7 47. Kh2 Bb6
48. Qa6 Bc5 49. Qa2 Be3 50. Qa8 Bb6 51. Qa6 Be3 52. Qa8 Qe7
53. Rb8 Qh4 54. Rb1 Bd4 55. Bf3 Ne6 56. Qd5 Ng5 57. Bg4 h5
58. Bc8 Qg3+ 59. Kh1 f3 0-1

[Event "World Junior Championship (Girls)"]
[Site "Yerevan ARM"]
[Date "2007.10.05"]
[EventDate "2007.10.03"]
[Round "3"]
[Result "0-1"]
[White "Anna Rudolf"]
[Black "Irina Gevorgyan"]
[WhiteElo "2273"]
[BlackElo "2078"]
[PlyCount "128"]

1. e4 c5 2. Nf3 d6 3. d4 cxd4 4. Nxd4 Nf6 5. Nc3 e6 6. g3 Be7
7. Bg2 a6 8. O-O Qc7 9. a4 Nc6 10. Be3 Bd7 11. Nb3 b6 12. f4
Rb8 13. Qe2 Nb4 14. Nd4 O-O 15. g4 Bc8 16. g5 Nd7 17. Rf3 Re8
18. Raf1 g6 19. Qf2 Bb7 20. Rh3 Bd8 21. f5 exf5 22. exf5 Ne5
23. Bxb7 Qxb7 24. f6 Qd7 25. Qg2 Ng4 26. Bf4 b5 27. Kh1 Bb6
28. Nce2 Rbc8 29. c3 Nc6 30. Nxc6 Rxc6 31. axb5 axb5 32. Rhf3
Rc4 33. h3 Ne3 34. Bxe3 Bxe3 35. Nf4 Bxf4 36. Rxf4 Rxf4
37. Rxf4 d5 38. Qg4 Qa7 39. Rf1 Qe3 40. Rd1 h5 41. gxh6 Qf2
42. Qg2 Qxf6 43. Qxd5 Kh7 44. Qg2 Re3 45. Rf1 Qe6 46. Rf3 Re2
47. Rxf7+ Kxh6 48. Qf3 Re4 49. b4 Qd5 50. Rf4 Re1+ 51. Kg2
Qd2+ 52. Qf2 Re2 53. Qxe2 Qxe2+ 54. Rf2 Qe5 55. Rf3 Qe1
56. Rg3 g5 57. Rf3 Kg6 58. Kh2 Kh5 59. Rg3 Qe5 60. Kg2 Qe2+
61. Kh1 Kh4 62. Rg2 Qe1+ 63. Kh2 Qe5+ 64. Kg1 Kxh3 0-1

[Event "World Junior Championship (Girls)"]
[Site "Yerevan ARM"]
[Date "2007.10.06"]
[EventDate "2007.10.03"]
[Round "4"]
[Result "0-1"]
[White "Irina Gevorgyan"]
[Black "Zuzana Borosova"]
[WhiteElo "2078"]
[BlackElo "2233"]
[PlyCount "70"]

1. c4 e5 2. Nc3 Nf6 3. g3 d5 4. cxd5 Nxd5 5. Bg2 Nb6 6. Nf3
Nc6 7. a3 Be7 8. d3 O-O 9. Be3 Re8 10. O-O Bf8 11. b4 Bg4
12. Nd2 Rb8 13. h3 Bh5 14. Nde4 Nd4 15. g4 Bg6 16. Ng3 Ne6
17. Rb1 Nf4 18. Bxf4 exf4 19. Nge4 f5 20. gxf5 Bxf5 21. Nd2
Qh4 22. Nf3 Qh5 23. Kh2 Re6 24. Rh1 Rg6 25. Ne4 Be6 26. Rc1 c6
27. Qd2 Nd5 28. Qb2 Re8 29. Qe5 Bf5 30. Qd4 Ree6 31. b5 Rh6
32. Ng1 Reg6 33. bxc6 bxc6 34. Rb1 Qg4 35. Bf1 f3 0-1

[Event "World Junior Championship (Girls)"]
[Site "Yerevan ARM"]
[Date "2007.10.07"]
[EventDate "2007.10.03"]
[Round "5"]
[Result "1-0"]
[White "Anna Gasik"]
[Black "Irina Gevorgyan"]
[WhiteElo "2191"]
[BlackElo "2078"]
[PlyCount "73"]

1. e4 c5 2. Nf3 e6 3. d4 cxd4 4. Nxd4 Nf6 5. Nc3 d6 6. g3 a6
7. Bg2 Qc7 8. O-O Be7 9. f4 Bd7 10. Be3 Nc6 11. a4 Na5 12. Kh1
Rc8 13. Qe2 Qc4 14. Qf3 h5 15. e5 Ng4 16. exd6 Bxd6 17. Ne4
Be7 18. c3 Nxe3 19. Qxe3 Qc7 20. f5 Nc4 21. Qf2 exf5 22. Nxf5
Bxf5 23. Qxf5 O-O 24. Rae1 g6 25. Nf6+ Bxf6 26. Qxf6 Qb6
27. Qf4 Rc5 28. b4 Rc7 29. Bd5 Nb2 30. a5 Qb5 31. Qxc7 Qxd5+
32. Kg1 Nc4 33. Qf4 Nd2 34. Rf2 Rd8 35. h3 f5 36. Qg5 Qd6
37. Re6 1-0

[Event "World Junior Championship (Girls)"]
[Site "Yerevan ARM"]
[Date "2007.10.12"]
[EventDate "2007.10.03"]
[Round "9"]
[Result "1-0"]
[White "Simona Limontaite"]
[Black "Irina Gevorgyan"]
[WhiteElo "2141"]
[BlackElo "2078"]
[PlyCount "81"]

1. d4 d5 2. c4 c6 3. Nc3 Nf6 4. e3 e6 5. Nf3 Nbd7 6. Bd3 dxc4
7. Bxc4 b5 8. Bd3 Bd6 9. O-O O-O 10. Ne4 Nxe4 11. Bxe4 Bb7
12. Bd2 f5 13. Bd3 Qe7 14. Re1 Nf6 15. Qb3 Ne4 16. Ba5 a6
17. Bxe4 fxe4 18. Ng5 Bxh2+ 19. Kxh2 Qxg5 20. Qxe6+ Rf7
21. Kg1 Qh4 22. Re2 Raf8 23. Bb4 Bc8 24. Qe5 Rf5 25. Qg3 Qxg3
26. fxg3 R8f7 27. Rc2 Bd7 28. Bd6 h6 29. Be5 Rf8 30. a4 R8f7
31. axb5 axb5 32. Bf4 g5 33. Be5 Kh7 34. g4 Rxe5 35. dxe5 Bxg4
36. Rxc6 Re7 37. Raa6 Kg7 38. Rg6+ Kf7 39. Rxh6 Rxe5 40. Ra7+
Kg8 41. Rb6 1-0

[Event "World Junior Championship (Girls)"]
[Site "Yerevan ARM"]
[Date "2007.10.13"]
[EventDate "2007.10.03"]
[Round "10"]
[Result "1/2-1/2"]
[White "Sarah N Longson"]
[Black "Irina Gevorgyan"]
[WhiteElo "1967"]
[BlackElo "2078"]
[PlyCount "146"]

1. e4 c5 2. Nf3 d6 3. d4 cxd4 4. Nxd4 a6 5. Bd3 Nc6 6. Be3 Nf6
7. O-O g6 8. Qd2 Bg7 9. Nxc6 bxc6 10. Nc3 Rb8 11. Rab1 O-O
12. Kh1 d5 13. exd5 Nxd5 14. Nxd5 cxd5 15. c3 e5 16. Rfd1 Be6
17. Bc5 Re8 18. b4 a5 19. Bc2 Qc7 20. Ba4 Red8 21. a3 d4
22. cxd4 axb4 23. axb4 exd4 24. Rbc1 Qb7 25. Qf4 Qa6 26. Bc2
Rbc8 27. Bd3 Qa4 28. Ra1 Qb3 29. h3 Qd5 30. Be4 Qe5 31. Qxe5
Bxe5 32. Bb6 Rd7 33. Ra5 Bf6 34. Bd3 Rc3 35. Bc5 Rd8 36. f4
Bb3 37. Rd2 Bh4 38. Kh2 Bc4 39. g3 Bf6 40. Bxc4 Rxc4 41. Ra6
Kg7 42. Rd6 Rxd6 43. Bxd6 Rc3 44. Kg2 Rb3 45. g4 h6 46. g5
hxg5 47. fxg5 Bxg5 48. Rxd4 f5 49. Be5+ Kf7 50. h4 Be3 51. Rc4
Ke6 52. Rc3 Rb2+ 53. Kf3 Kxe5 54. Rxe3+ Kf6 55. Kg3 Rxb4
56. Ra3 Rg4+ 57. Kh3 Kg7 58. Ra7+ Kf6 59. Ra3 Re4 60. Ra6+ Re6
61. Ra3 Rb6 62. Rc3 Ke5 63. Ra3 Rd6 64. Kg3 Kf6 65. Ra8 Rd3+
66. Kf4 Rd4+ 67. Kg3 Rg4+ 68. Kh3 Re4 69. Kg3 Kg7 70. Rb8 Rg4+
71. Kh3 Rg1 72. Kh2 Rg4 73. Kh3 Rd4 1/2-1/2

[Event "World Junior Championship (Girls)"]
[Site "Yerevan ARM"]
[Date "2007.10.15"]
[EventDate "2007.10.03"]
[Round "12"]
[Result "0-1"]
[White "Irina Gevorgyan"]
[Black "Nune Darbinyan"]
[WhiteElo "2078"]
[BlackElo "2089"]
[PlyCount "98"]

1. Nf3 Nf6 2. c4 c5 3. Nc3 Nc6 4. d4 cxd4 5. Nxd4 g6 6. e4 d6
7. Be2 Bg7 8. Be3 O-O 9. O-O Nxd4 10. Bxd4 b6 11. f3 Bb7
12. Qd2 Rc8 13. Rac1 Nd7 14. Be3 Re8 15. Rfd1 Qc7 16. Nd5 Qb8
17. Bg5 Bf8 18. b4 Bxd5 19. cxd5 b5 20. a3 a6 21. Be3 Qb7
22. f4 Nb6 23. Qd4 Na4 24. Bg4 Rxc1 25. Rxc1 Bg7 26. Qa7 Qxa7
27. Bxa7 Bb2 28. Rc7 Bxa3 29. Bd7 Rd8 30. Bc8 Bxb4 31. Bxa6
Ra8 32. Kf1 Bc5 33. Bxc5 Nxc5 34. Bxb5 Nxe4 35. Bc6 Ra1+
36. Ke2 Kf8 37. Rc8+ Kg7 38. Re8 Ra7 39. Ke3 Nf6 40. Rb8 Ng4+
41. Kf3 Nxh2+ 42. Kg3 Nf1+ 43. Kf2 Nd2 44. Rb4 f5 45. Rb7 Ne4+
46. Kf3 Ra3+ 47. Ke2 Kf7 48. Rb2 Rg3 49. Kf1 Rg4 0-1

[Event "2nd Agzamov Memorial"]
[Site "Tashkent UZB"]
[Date "2008.03.22"]
[EventDate "2008.03.19"]
[Round "3"]
[Result "0-1"]
[White "Irina Gevorgyan"]
[Black "Andrey Kvon"]
[WhiteElo "2079"]
[BlackElo "2381"]
[PlyCount "50"]

1. Nf3 Nf6 2. c4 e6 3. Nc3 Bb4 4. Qc2 c5 5. a3 Ba5 6. e3 O-O
7. Be2 Nc6 8. O-O Qe7 9. d4 d6 10. Rd1 Bd7 11. b3 Bc7 12. Bb2
cxd4 13. Nxd4 a6 14. Nf3 Rac8 15. Rac1 Ne8 16. Qb1 f5 17. Bd3
Ne5 18. Nxe5 dxe5 19. b4 e4 20. Bf1 Nf6 21. Ne2 Ba4 22. Rd2
Bxh2+ 23. Kxh2 Ng4+ 24. Kg3 Qg5 25. f4 Qh5 0-1

[Event "Girls 18-wycc"]
[Site "Vung Tau city"]
[Date "2008.10.26"]
[EventDate "2008.10.20"]
[Round "7.3"]
[Result "1/2-1/2"]
[White "Katerina Nemcova"]
[Black "Irina Gevorgyan"]
[WhiteElo "2369"]
[BlackElo "2179"]
[PlyCount "109"]

1. e4 c6 2. d4 d5 3. e5 Bf5 4. Nd2 e6 5. Ngf3 Nd7 6. Nb3 h6
7. Be2 Ne7 8. O-O Bh7 9. a4 Nf5 10. a5 Be7 11. Bf4 O-O 12. h3
c5 13. c4 dxc4 14. Bxc4 Nxd4 15. Nfxd4 cxd4 16. Nxd4 Nc5
17. Re1 Ne4 18. f3 Bc5 19. Be3 Ng3 20. Nb5 Qxd1 21. Raxd1 Bb4
22. Bd2 Bc5+ 23. Be3 Bb4 24. Bf2 Bxe1 25. Rxe1 Nf5 26. Bxa7
Rfd8 27. b4 Rd2 28. Bc5 Rad8 29. Nd6 Nxd6 30. exd6 Bd3 31. Be3
Bxc4 32. Bxd2 Rxd6 33. Bf4 Rd5 34. Rc1 Bb5 35. Be3 f6 36. Kf2
Kf7 37. Rc7+ Rd7 38. Rc5 Rd5 39. Rc7+ Rd7 40. Rc5 Rd5 41. Rxd5
exd5 42. h4 h5 43. Bb6 Ke6 44. Ke3 Kf5 45. Bc7 g5 46. g3 gxh4
47. gxh4 Bc4 48. Bd8 Ke5 49. f4+ Kf5 50. Kd4 Kxf4 51. Bxf6 Kf5
52. Bg5 Ke6 53. Kc5 Kd7 54. Bf4 Kc8 55. b5 1/2-1/2

[Event "Girls 18-wycc"]
[Site "Vung Tau city"]
[Date "2008.10.29"]
[EventDate "2008.10.20"]
[Round "10.3"]
[Result "1/2-1/2"]
[White "Olga Girya"]
[Black "Irina Gevorgyan"]
[WhiteElo "2332"]
[BlackElo "2179"]
[PlyCount "104"]

1. e4 c5 2. Nc3 d6 3. Bb5+ Bd7 4. a4 e6 5. Nge2 Nf6 6. O-O Be7
7. d4 cxd4 8. Nxd4 O-O 9. Re1 a6 10. Bf1 Nc6 11. Nb3 b6
12. Be3 Qc7 13. f3 Rfb8 14. Qd2 Na5 15. Nxa5 bxa5 16. Rab1 Rb4
17. b3 Bc6 18. Na2 Rb7 19. Rbd1 d5 20. e5 Qxe5 21. Bf4 Qb2
22. Be5 Qa3 23. Ra1 Qc5+ 24. Bd4 Qd6 25. Qxa5 Bd8 26. Qc5 Qxc5
27. Bxc5 Nd7 28. Bd6 Bf6 29. Rad1 a5 30. f4 Rb6 31. Ba3 Rc8
32. Nc1 Bb7 33. Bb5 Nc5 34. Re2 Ne4 35. Na2 Nc3 36. Nxc3 Bxc3
37. Bc1 Ba6 38. Bxa6 Rxa6 39. Rd3 Rac6 40. Bd2 Bxd2 41. Rdxd2
g6 42. Kf2 Kf8 43. Ke1 Rc5 44. Kd1 Ke7 45. Rd3 Kf6 46. Rf3 h5
47. Kc1 Rb8 48. Kb2 Rc4 49. Ka3 Rd4 50. g3 Rd1 51. Kb2 Rd4
52. Ka3 Rd1 1/2-1/2

[Event "Chess Olympiad (Women)"]
[Site "Tromso NOR"]
[Date "2016.09.12"]
[EventDate "2016.09.02"]
[Round "10.12"]
[Result "1/2-1/2"]
[White "Irina Gevorgyan"]
[Black "Anne Haast"]
[WhiteElo "2324"]
[BlackElo "2306"]
[PlyCount "118"]

1. d4 d5 2. c4 dxc4 3. Nf3 Nf6 4. e3 b5 5. a4 b4 6. Bxc4 e6
7. O-O Be7 8. Qe2 O-O 9. e4 Bb7 10. e5 Nd5 11. Qe4 c5 12. Bd3
g6 13. Bh6 Re8 14. Nbd2 Nd7 15. Qg4 cxd4 16. h4 Nc5 17. Bb5 f5
18. exf6 Nxf6 19. Qxd4 Qxd4 20. Nxd4 Red8 21. N2f3 Rac8
22. Rfe1 Ng4 23. Bg5 Bxg5 24. hxg5 e5 25. Bc4+ Bd5 26. Bxd5+
Rxd5 27. Nc2 a5 28. Ne3 Nxe3 29. fxe3 e4 30. Nd4 Nd3 31. Re2
Rxg5 32. Rf1 Re5 33. g3 Kg7 34. Kg2 h5 35. Kh3 Rcc5 36. Nb3
Rc4 37. Kh4 Re7 38. Nxa5 Rc8 39. Nb3 Ne5 40. Nd4 Ng4 41. Kh3
Rc4 42. Rd1 Kh7 43. a5 Rd7 44. a6 Rc8 45. Ra1 Nxe3 46. Ne6 Re7
47. Ng5+ Kh6 48. Rxe3 Kxg5 49. Ra5+ Kf6 50. Rb5 Ra8 51. Rxb4
Rxa6 52. Rbxe4 Rxe4 53. Rxe4 g5 54. Rc4 Rd6 55. Rb4 Rd2
56. Rb6+ Kf5 57. Rb5+ Kf6 58. Rb6+ Kf5 59. Rb5+ Kf6 1/2-1/2

[Event "11th Agzamov Mem"]
[Site "Tashkent UZB"]
[Date "2017.05.03"]
[EventDate "2017.05.02"]
[Round "2.7"]
[Result "1/2-1/2"]
[White "Irina Gevorgyan"]
[Black "Amirreza Pourramezanali"]
[WhiteElo "2311"]
[BlackElo "2512"]
[PlyCount "131"]

1. d4 g6 2. c4 Bg7 3. Nf3 d6 4. g3 Nf6 5. Bg2 O-O 6. O-O c6
7. Nc3 Qa5 8. Qd2 e5 9. dxe5 dxe5 10. Ne4 Qxd2 11. Nfxd2 Na6
12. Nd6 Rd8 13. Nxc8 Raxc8 14. Nb3 Nd7 15. Na5 Ndc5 16. Bg5
Re8 17. Rab1 e4 18. b4 Ne6 19. Be3 b6 20. b5 cxb5 21. cxb5
Nac5 22. Nc6 a6 23. Nb4 axb5 24. Nd5 Ra8 25. Rxb5 Rxa2
26. Nxb6 Rc2 27. Nd5 Rd8 28. Nf4 Nd4 29. Bxd4 Bxd4 30. e3 Be5
31. Rbb1 Bxf4 32. gxf4 Rcd2 33. Rb5 Rc2 34. Rbb1 f5 35. Rbc1
Rxc1 36. Rxc1 Nb3 37. Re1 Nd2 38. h3 h5 39. h4 Rb8 40. Kh2 Kg7
41. Rc1 Rb2 42. Kg3 Kh6 43. Rd1 Nc4 44. Rc1 Nd6 45. Bf1 Rd2
46. Ra1 Ne8 47. Ra6 Rd1 48. Kg2 Rd6 49. Ra8 Nf6 50. Ra6 Rxa6
51. Bxa6 Ng4 52. Bb5 Kg7 53. Be8 Kf6 54. Kg3 Kg7 55. Kg2 Nf6
56. Bc6 Kf7 57. Bb5 Ke7 58. Bc4 Ne8 59. Kf1 Nd6 60. Bb3 Kd7
61. Ba4+ Kc7 62. Ke2 Kd8 63. Kd2 Ke7 64. Bb3 Kf8 65. Ke2 Ke7
66. Kf1 1/2-1/2